00638nam a22002057a 450000100060000000300090000600500170001500800410003202000150007304000380008808200160012610000180014224500710016026000520023130000410028350400400032465100280036470000210039270000190041319847BD-DhUAP20210130141009.0200311s2004 ii a|||| b||| 001 0 eng d a8174731253 aBD-DhUAPbEngcBD-DhUAPdBD-DhUAP 223a942 THO aThorn, John.  aA history of England /cJohn Thorn, Roger Lockyer and David Smith. aNew Delhi :bA. I. T. B. S. publishers,cc2004. a600 pages :billustrations ;c22 cm. aIncludes bibliographies and index.  aGreat BritainvHistory. aLockyer, Roger.  aSmith, David.